000 00293nam a22001337a 4500
008 170825b xxu||||| |||| 00| 0 eng d
020 _a2900073268698
041 _aeng
080 _23 ED
_a070
100 _a39
101 _aMED
245 _aBROADCAST NEWS
_cTUGGLE.C.A
942 _2udc
_cBK
999 _c25026
_d25026